=LDR 00000nam 2200000 4500 =001 INLIS000000000029394 =990 ##$$a 01201807523 =005 20180531012642 =035 ##$$a 0010-061300000029394 =008 180531###########################0#ind## =041 ##$$a Ind =082 ##$$a 400.7 =090 ##$$a 400.7, Tar p =245 ##$$a Pengajaran kompotisi bahasa =650 ##$$a Pengajaran Kompotisi =850 ##$$a NBPNMAT =084 ##$$a 400.7 PEN =260 ##$$a Jakarta :$b Angkasa,$c 1990 =300 ##$$a xii, 145 hlm. ; $c 21 cm. =990 ##$$a 75237523 =990 ##$$a 01201807523